[Event "DEN-ch sf1"]
[Site "Svendborg"]
[Date "2024.03.29"]
[Round "2"]
[White "Medhus, Vitus Bondo"]
[Black "Gregor, Bjarke"]
[Result "1-0"]
[WhiteElo "2096"]
[BlackElo "2127"]
[PlyCount "73"]
[EventDate "2024.03.29"]
[EventType "swiss"]
[EventRounds "7"]
[EventCountry "DEN"]
[SourceTitle "CB16_2024"]
[SourceDate "2024.04.17"]
[SourceVersion "1"]
[SourceVersionDate "2024.04.17"]
[SourceQuality "1"]

1. e4 c5 2. Nc3 Nc6 3. f4 g6 4. Nf3 Bg7 5. a3 a6 6. Be2 e6 7. b4 b6 8. e5 d6 9. Bb2 dxe5 10. b5 Nd4 11. fxe5 f5 12. exf6 Nxf6 13. 0-0 0-0 14. bxa6 Bxa6 15. Bxa6 Rxa6 16. Ne2 Ne4 17. Nfxd4 cxd4 18. Rxf8+ Qxf8 19. d3 Qf2+ 20. Kh1 Nc3 21. Bxc3 dxc3 22. Ng3 Qf8 23. Qg4 b5 24. h4 b4 25. Rf1 Qb8 26. axb4 Be5 27. Ne4 Qe8 28. Nc5 Ra2 29. Nxe6 Rxc2 30. Qc4 Kh8 31. d4 Bg7 32. d5 h5 33. Qc7 Bh6 34. Nd4 Rc1 35. Rxc1 Bxc1 36. Qxc3 Qd8 37. Ne6+ 1-0

[Event "Norway Chess op"]
[Site "Stavanger"]
[Date "2023.05.30"]
[Round "6"]
[White "Tokhirjonova, Gulruhbegim"]
[Black "Medhus, Vitus Bondo"]
[Result "1-0"]
[WhiteElo "2340"]
[BlackElo "2126"]
[PlyCount "59"]
[EventDate "2023.05.27"]
[EventType "swiss"]
[EventRounds "10"]
[EventCountry "NOR"]
[SourceTitle "CBM 214 Extra"]
[Source "ChessBase"]
[SourceDate "2023.07.31"]
[SourceVersion "1"]
[SourceVersionDate "2023.07.31"]
[SourceQuality "1"]

1. d4 Nf6 2. c4 e6 3. Nc3 Bb4 4. a3 Bxc3+ 5. bxc3 b6 6. f3 d5 7. Bg5 h6 8. Bh4 Bb7 9. e3 Nbd7 10. Bd3 Qe7 11. Ne2 0-0-0 12. Qc2 g5 13. Bg3 g4 14. Bh4 gxf3 15. gxf3 Rdg8 16. Ng3 dxc4 17. Bxc4 e5 18. Nf5 Qe8 19. Rf1 Kb8 20. 0-0-0 e4 21. Qb3 Rh7 22. f4 a6 23. a4 Rg6 24. Rg1 Qg8 25. Ne7 Qg7 26. Nxg6 fxg6 27. Rd2 c6 28. Rdg2 Nf8 29. Qxb6 Qe7 30. Qb3 1-0

[Event "DEN-ch U14 rapid"]
[Site "Odense"]
[Date "2022.09.30"]
[Round "5"]
[White "Medhus, Vitus Bondo"]
[Black "Bruntse, Kathrine Lindegaard"]
[Result "1-0"]
[WhiteElo "2067"]
[BlackElo "1530"]
[PlyCount "49"]
[EventDate "2022.09.30"]
[EventType "swiss"]
[EventRounds "5"]
[EventCountry "DEN"]
[SourceTitle "EXT 2024"]
[Source "ChessBase"]
[SourceDate "2023.10.10"]
[SourceVersion "1"]
[SourceVersionDate "2023.10.10"]
[SourceQuality "1"]

1. e4 c5 2. Nc3 Nc6 3. g3 e6 4. Bg2 g6 5. f4 Nge7 6. Nf3 Bg7 7. Nb5 d5 8. e5 0-0 9. c3 Bd7 10. Nd6 b6 11. d4 Nc8 12. Nxc8 Bxc8 13. h4 a5 14. Be3 c4 15. h5 Ra7 16. hxg6 fxg6 17. Qc2 b5 18. 0-0-0 b4 19. Rxh7 Qe8 20. Ng5 Rf5 21. Rdh1 Nd8 22. Bh3 Rf8 23. Qh2 Nf7 24. Bxe6 Bxe6 25. Rh8+ 1-0

[Event "DEN-ch cand"]
[Site "Svendborg"]
[Date "2022.04.14"]
[Round "3"]
[White "Nielsen, Viktor Haarmark"]
[Black "Medhus, Vitus Bondo"]
[Result "1-0"]
[WhiteElo "2267"]
[BlackElo "1920"]
[PlyCount "107"]
[EventDate "2022.04.10"]
[EventType "swiss"]
[EventRounds "7"]
[EventCountry "DEN"]
[SourceTitle "CBM 207 Extra"]
[Source "ChessBase"]
[SourceDate "2022.05.31"]
[SourceVersion "1"]
[SourceVersionDate "2022.05.31"]
[SourceQuality "1"]

1. e4 c5 2. Nf3 Nc6 3. d4 cxd4 4. Nxd4 e5 5. Nb5 d6 6. c4 Be7 7. N5c3 Nf6 8. Bd3 0-0 9. 0-0 Be6 10. Nd5 Nd7 11. Nbc3 Bg5 12. Bxg5 Qxg5 13. Nb5 Nc5 14. Nxd6 Bh3 15. Qf3 Bxg2 16. Qxg2 Qxg2+ 17. Kxg2 Nxd3 18. Rab1 Rad8 19. Nxb7 Rb8 20. Rfd1 Nxf2 21. Kxf2 Rxb7 22. b4 f5 23. exf5 Rxf5+ 24. Kg2 Kf7 25. c5 Rg5+ 26. Kh1 a6 27. a4 Nd4 28. Nc3 Rc7 29. b5 Rg6 30. Ne4 axb5 31. axb5 Ke7 32. b6 Rc8 33. Nd6 Rb8 34. Nc4 Rc6 35. Nxe5 Rxc5 36. Re1 Kd6 37. Nf7+ Kc6 38. b7 Nb5 39. Re7 Kb6 40. Nd6 Kc6 41. Nxb5 Rxb5 42. Rxb5 Kxb5 43. Rxg7 h6 44. Kg2 Kc6 45. Kg3 Kd6 46. Kg4 Ke6 47. Kh5 Kf6 48. Rc7 Kf5 49. Rc5+ Kf6 50. Rb5 Ke7 51. h4 Kf6 52. Rb6+ Kg7 53. Rb1 Kf6 54. Rb5 1-0

[Event "DEN-ch U12 rapid"]
[Site "Odense"]
[Date "2021.10.01"]
[Round "7"]
[White "Medhus, Vitus Bondo"]
[Black "Bruntse, Kathrine Lindegaard"]
[Result "1-0"]
[WhiteElo "1856"]
[BlackElo "1415"]
[PlyCount "49"]
[EventDate "2021.10.01"]
[EventType "swiss"]
[EventRounds "7"]
[EventCountry "DEN"]
[SourceTitle "EXT 2024"]
[Source "ChessBase"]
[SourceDate "2023.10.10"]
[SourceVersion "1"]
[SourceVersionDate "2023.10.10"]
[SourceQuality "1"]

1. e4 c5 2. c3 Nf6 3. e5 Nd5 4. d4 cxd4 5. cxd4 e6 6. Nc3 Nxc3 7. bxc3 Qc7 8. Bd2 d6 9. f4 Nd7 10. Nf3 Nb6 11. Bd3 Nc4 12. Qa4+ Bd7 13. Qxc4 Qxc4 14. Bxc4 d5 15. Bd3 Rc8 16. 0-0 b6 17. Ba6 Rc7 18. a4 Be7 19. a5 0-0 20. axb6 axb6 21. Rfb1 Rb8 22. Bb5 Bc8 23. Ne1 f6 24. Nd3 Kf7 25. Nb4 1-0

[Event "Nordic-ch U14"]
[Site "Torshavn"]
[Date "2021.09.11"]
[Round "3"]
[White "Medhus, Vitus Bondo"]
[Black "Hald Falkesgaard, Jeppe"]
[Result "1/2-1/2"]
[WhiteElo "1884"]
[BlackElo "1868"]
[PlyCount "129"]
[EventDate "2021.09.10"]
[EventType "swiss"]
[EventRounds "6"]
[EventCountry "FAI"]
[SourceTitle "EXT 2023"]
[Source "ChessBase"]
[SourceDate "2022.10.05"]
[SourceVersion "1"]
[SourceVersionDate "2022.10.05"]
[SourceQuality "1"]

1. e4 c5 2. Nf3 e6 3. d4 cxd4 4. Nxd4 Nc6 5. Nc3 Qc7 6. Be3 a6 7. Qf3 Bd6 8. 0-0-0 Be5 9. Nxc6 bxc6 10. Bd4 Bxd4 11. Rxd4 d5 12. exd5 cxd5 13. Qe3 Ne7 14. Qg3 Qxg3 15. hxg3 Bb7 16. Rb4 Bc6 17. Bxa6 d4 18. Ne2 Bxg2 19. Rh2 Nc6 20. Rb6 Rb8 21. Rxb8+ Nxb8 22. Bb5+ Bc6 23. Nxd4 Bxb5 24. Nxb5 Ke7 25. Rh4 g5 26. Rc4 h5 27. Nd4 Kd6 28. Nf3 f6 29. Kd2 Nc6 30. Ra4 e5 31. Ke3 Rg8 32. Ra6 Kc5 33. Ke4 Rf8 34. Ra3 f5+ 35. Ke3 Rg8 36. Rc3+ Kd5 37. Rd3+ Ke6 38. Rd1 Nb4 39. c3 Nd5+ 40. Ke2 Nf6 41. Kf1 Ne4 42. Kg2 Rb8 43. b3 g4 44. Nh4 Nxc3 45. Rc1 Rc8 46. a4 Rc7 47. f4 exf4 48. gxf4 Nd5 49. Rxc7 Nxc7 50. Kg3 Ne8 51. Ng2 Kd5 52. b4 Nd6 53. Kh4 Ke4 54. Kg3 Kd3 55. Nh4 Kc4 56. b5 Kc5 57. Ng6 Kb4 58. Ne7 Kxa4 59. b6 Kb5 60. Nd5 Kc6 61. Nf6 Kxb6 62. Nxh5 Kc5 63. Ng7 Ne4+ 64. Kg2 Nd6 65. Kg3 1/2-1/2

[Event "EU Union-ch U12 18th"]
[Site "Mureck"]
[Date "2021.08.12"]
[Round "9"]
[White "Medhus, Vitus Bondo"]
[Black "Haapsal, Maria Ioanna"]
[Result "1/2-1/2"]
[WhiteElo "1951"]
[BlackElo "1282"]
[PlyCount "68"]
[EventDate "2021.08.04"]
[EventType "swiss"]
[EventRounds "9"]
[EventCountry "AUT"]
[SourceTitle "EXT 2022"]
[Source "ChessBase"]
[SourceDate "2021.10.06"]
[SourceVersion "1"]
[SourceVersionDate "2021.10.06"]
[SourceQuality "1"]

1. e4 c5 2. Nf3 e6 3. d4 cxd4 4. Nxd4 Nc6 5. Nc3 Nf6 6. Ndb5 d6 7. Bf4 e5 8. Bg5 a6 9. Na3 b5 10. Nd5 Be7 11. Bxf6 Bxf6 12. c3 0-0 13. Nc2 Be6 14. Nce3 Bg5 15. Bd3 g6 16. Qc2 Bxe3 17. Nxe3 Ne7 18. g4 d5 19. exd5 Nxd5 20. Nxd5 Bxd5 21. Be4 Bxe4 22. Qxe4 Qc7 23. 0-0-0 Rad8 24. Rxd8 Rxd8 25. Re1 Qd6 26. Qe3 Qe6 27. Qxe5 Qxg4 28. Qf6 Qd7 29. Qg5 Qd3 30. Qe3 Qd5 31. Kb1 Qf5+ 32. Kc1 Qd5 33. Kb1 Qf5+ 34. Kc1 Qd5 1/2-1/2

[Event "EU Union-ch U12 18th"]
[Site "Mureck"]
[Date "2021.08.04"]
[Round "1"]
[White "Medhus, Vitus Bondo"]
[Black "Zagorac, Lara"]
[Result "1-0"]
[WhiteElo "1951"]
[BlackElo "1285"]
[PlyCount "73"]
[EventDate "2021.08.04"]
[EventType "swiss"]
[EventRounds "9"]
[EventCountry "AUT"]
[SourceTitle "EXT 2022"]
[Source "ChessBase"]
[SourceDate "2021.10.06"]
[SourceVersion "1"]
[SourceVersionDate "2021.10.06"]
[SourceQuality "1"]

1. e4 e5 2. Nf3 Nc6 3. Bc4 Bc5 4. c3 Nf6 5. d3 0-0 6. 0-0 d6 7. Re1 Be6 8. Bb3 Bxb3 9. Qxb3 Bb6 10. h3 h6 11. Nbd2 Nd7 12. Nf1 Nc5 13. Qd1 Ne7 14. d4 Nd7 15. Ng3 f5 16. Qb3+ Kh8 17. Nh4 f4 18. Ngf5 Rf6 19. Nxe7 Qxe7 20. Qd1 Raf8 21. d5 Kh7 22. Qc2 Qf7 23. a4 a6 24. a5 Ba7 25. Nf5 Rg6 26. Kf1 Qf6 27. Bd2 Qg5 28. g4 h5 29. f3 Rgf6 30. Re2 R6f7 31. Be1 Qg6 32. Rg2 Rh8 33. g5 Kg8 34. Nh4 Qh7 35. g6 Qh6 36. gxf7+ Kxf7 37. Nf5 1-0

[Event "EU-ch Online U12"]
[Site "Tornelo INT"]
[Date "2020.09.19"]
[Round "5"]
[White "Vingris, Mikelis"]
[Black "Medhus, Vitus Bondo"]
[Result "1-0"]
[WhiteElo "1859"]
[BlackElo "1516"]
[PlyCount "127"]
[EventDate "2020.09.18"]
[EventType "swiss (rapid)"]
[EventRounds "9"]
[EventCountry "NET"]
[SourceTitle "EXT 2023"]
[Source "ChessBase"]
[SourceDate "2022.10.05"]
[SourceVersion "1"]
[SourceVersionDate "2022.10.05"]
[SourceQuality "1"]
[WhiteTeam "Latvia"]
[BlackTeam "Denmark"]
[WhiteTeamCountry "LAT"]
[BlackTeamCountry "DEN"]

1. d4 Nf6 2. c4 c5 3. d5 b5 4. cxb5 a6 5. bxa6 g6 6. Nc3 Bxa6 7. e4 Bxf1 8. Kxf1 d6 9. g3 Bg7 10. Kg2 Nbd7 11. Nf3 0-0 12. a4 Qb6 13. Qc2 Rfb8 14. Nb5 Ne8 15. Rb1 Nc7 16. Nxc7 Qxc7 17. b3 Nb6 18. Be3 c4 19. Bxb6 Rxb6 20. Qxc4 Qxc4 21. bxc4 Rba6 22. Rb4 Rxa4 23. Rhb1 Bc3 24. Rxa4 Rxa4 25. Rb8+ Kg7 26. Rc8 Bb4 27. Re8 Kf6 28. g4 h6 29. h4 e5 30. dxe6 fxe6 31. Rc8 e5 32. Rc7 g5 33. h5 Bc5 34. Rh7 Ra2 35. Rxh6+ Kg7 36. Rg6+ Kh8 37. Nxg5 Rxf2+ 38. Kg3 Rc2 39. h6 Rf2 40. Rg7 Be3 41. Nf7+ Rxf7 42. Rxf7 Bxh6 43. Rf6 Bf4+ 44. Rxf4 exf4+ 45. Kxf4 Kg7 46. Kg5 Kf7 47. Kf5 Ke7 48. g5 Kf7 49. g6+ Kg7 50. Ke6 Kxg6 51. Kxd6 Kf7 52. Kd7 Kf6 53. c5 Ke5 54. c6 Kd4 55. c7 Kxe4 56. c8Q Ke3 57. Qc4 Kf2 58. Qc3 Kg2 59. Ke6 Kf2 60. Kf5 Kg2 61. Kf4 Kh2 62. Qc2+ Kg1 63. Kf3 Kh1 64. Qg2# 1-0

[Event "EU-ch Online U12"]
[Site "Tornelo INT"]
[Date "2020.09.18"]
[Round "3"]
[White "Antoniou, Rafail"]
[Black "Medhus, Vitus Bondo"]
[Result "0-1"]
[WhiteElo "1758"]
[BlackElo "1516"]
[PlyCount "166"]
[EventDate "2020.09.18"]
[EventType "swiss (rapid)"]
[EventRounds "9"]
[EventCountry "NET"]
[SourceTitle "EXT 2023"]
[Source "ChessBase"]
[SourceDate "2022.10.05"]
[SourceVersion "1"]
[SourceVersionDate "2022.10.05"]
[SourceQuality "1"]
[WhiteTeam "Zypern"]
[BlackTeam "Denmark"]
[WhiteTeamCountry "CYP"]
[BlackTeamCountry "DEN"]

1. e4 c5 2. c3 Nf6 3. e5 Nd5 4. d4 cxd4 5. Nf3 g6 6. cxd4 Bg7 7. Nc3 Nxc3 8. bxc3 d6 9. exd6 Qxd6 10. Bb5+ Bd7 11. Bxd7+ Nxd7 12. 0-0 0-0 13. Qb3 Nb6 14. Re1 Rac8 15. Ba3 Qc6 16. Rac1 Nd5 17. c4 Nf4 18. d5 Qd7 19. Rxe7 Qg4 20. g3 Bf6 21. Ree1 Rfe8 22. Kh1 Ne2 23. Rcd1 Nc3 24. Kg2 Nxd1 25. Qxd1 Rxe1 26. Qxe1 Qxc4 27. d6 Qd5 28. Qe2 Qe6 29. Qd2 Rd8 30. Qa5 Qxa2 31. Qb4 a5 32. Qc5 b6 33. Qe3 b5 34. Bc5 Qe6 35. Qd2 b4 36. h3 Be5 37. Ng5 Qc4 38. Qe3 Bxd6 39. Bxd6 Qd5+ 40. Ne4 Rxd6 41. Qf3 Kf8 42. Nxd6 Qxf3+ 43. Kxf3 a4 44. Nb5 a3 45. Nd4 Ke7 46. Nc6+ Kd6 47. Nxb4 Kc5 48. Nc2 a2 49. Ke3 Kc4 50. Kd2 Kb3 51. Na1+ Kb2 52. Kd3 Kxa1 53. Kc2 h5 54. h4 f6 55. f4 f5 56. Kc1 g5 57. hxg5 h4 58. g6 h3 59. g7 h2 60. g8Q h1Q+ 61. Kc2 Qb1+ 62. Kd2 Qb2+ 63. Ke3 Kb1 64. Qf7 Qc3+ 65. Ke2 Qc2+ 66. Ke3 a1Q 67. Qb7+ Qab2 68. Qh1+ Qcc1+ 69. Qxc1+ Qxc1+ 70. Kf3 Qd1+ 71. Ke3 Qg4 72. Kf2 Kc2 73. Kg2 Kd3 74. Kh2 Qe2+ 75. Kh3 Qf2 76. Kh4 Qh2+ 77. Kg5 Ke4 78. g4 Qxf4+ 79. Kf6 fxg4+ 80. Kg6 g3 81. Kh5 g2 82. Kg6 g1Q+ 83. Kh5 Qfh2# 0-1

[Event "DEN-ch Kort 1-2"]
[Site "Svendborg"]
[Date "2018.03.26"]
[Round "4"]
[White "Medhus, Vitus Bondo"]
[Black "Eriksen, Jens"]
[Result "1-0"]
[WhiteElo "1394"]
[BlackElo "1582"]
[PlyCount "25"]
[EventDate "2018.03.24"]
[EventType "swiss"]
[EventRounds "5"]
[EventCountry "DEN"]
[SourceTitle "EXT 2023"]
[Source "ChessBase"]
[SourceDate "2022.10.05"]
[SourceVersion "1"]
[SourceVersionDate "2022.10.05"]
[SourceQuality "1"]

1. e4 c5 2. Nf3 d6 3. Bc4 Nf6 4. Nc3 Nc6 5. 0-0 a6 6. a4 Bg4 7. Nd5 Nxe4 8. d3 Nf6 9. b3 Ne5 10. Nxf6+ gxf6 11. Nxe5 Be6 12. Bxe6 fxe5 13. Qh5 1-0